Statistics for Players with more than 30 appearances for Croatian soccer team

Click here to take the quiz!

General Stats

  • This quiz has been taken 190 times
  • The average score is 24 of 43

Answer Stats

Apps Answer % Correct
84Luka Modrić
94%
69Davor Šuker
89%
122Darijo Srna
86%
58Mario Mandžukić
84%
70Ivan Rakitić
82%
114Stipe Pletikosa
80%
101Ivica Olić
79%
81Vedran Ćorluka
71%
51Zvonimir Boban
69%
100Dario Šimić
67%
49Robert Prosinečki
67%
83Niko Kovač
66%
36Ivan Perišić
66%
81Niko Kranjčar
65%
59Dražen Ladić
65%
84Robert Kovač
65%
105Josip Šimunić
65%
81Robert Jarni
64%
44Slaven Bilić
64%
64Eduardo
63%
32Dado Pršo
62%
62Aljoša Asanović
60%
52Goran Vlaović
58%
53Igor Štimac
57%
40Alen Bokšić
56%
30Dejan Lovren
53%
49Mario Stanić
50%
56Danijel Pranjić
48%
33Ivan Strinić
44%
49Milan Rapaić
42%
41Ivan Klasnić
40%
55Ognjen Vukojević
40%
45Mladen Petrić
40%
61Zvonimir Soldo
39%
55Igor Tudor
38%
35Boško Balaban
33%
59Jerko Leko
32%
36Nikica Jelavić
31%
31Nikola Jerkan
31%
49Stjepan Tomas
30%
39Boris Živković
29%
49Marko Babić
26%
30Daniel Šarić
21%

Score Distribution

Percentile by Number Answered

Percent of People with Each Score

Your Score History

You have not taken this quiz